01220nam a2200313Ia 4500001001200000003000800012006001900020007001500039008004100054020001500095020001800110020001800128040002100146035002100167050002400188082001400212100004400226245010700270260006100377300001600438504006400454533015200518650002000670650002700690655002900717710001700746856012600763999001700889ebr10699014CaPaEBRm o u cr cn|||||||||080418s2008 si sb 001 0 eng d z9812812342 z9789812812346 z9789812812360 aCaPaEBRcCaPaEBR a(OCoLC)22582041114aQC311b.S516 2008eb04a536.72231 aSidharth, B. G.q(Burra Gautam),d1948-14aThe thermodynamic universeh[electronic resource] :bexploring the limits of physics /cB.G. Sidharth. aSingapore ;aHackensack, NJ :bWorld Scientific,cc2008. aix, 293 p.  aIncludes bibliographical references (p. 271-287) and index. aElectronic reproduction.bPalo Alto, Calif. :cebrary,d2013.nAvailable via World Wide Web.nAccess may be limited to ebrary affiliated libraries. 0aThermodynamics. 0aFluctuations (Physics) 7aElectronic books.2local2 aebrary, Inc.40uhttp://site.ebrary.com/lib/rucke/Doc?id=10699014zAn electronic book accessible through the World Wide Web; click to view c21409d21409